| 000 -LEADER |
| fixed length control field |
00461nam a22001577a 4500 |
| 005 - DATE AND TIME OF LATEST TRANSACTION |
| control field |
20230908112159.0 |
| 008 - FIXED-LENGTH DATA ELEMENTS--GENERAL INFORMATION |
| fixed length control field |
230908s1957 enk||||| |||| 00| 0 eng d |
| 041 ## - LANGUAGE CODE |
| Language code of text/sound track or separate title |
eng |
| 080 ## - UNIVERSAL DECIMAL CLASSIFICATION NUMBER |
| Universal Decimal Classification number |
94(37) The-44 |
| 245 ## - TITLE STATEMENT |
| Title |
The Twelve Caesars: Suetonius / |
| Statement of responsibility, etc. |
Translate by Robert Graves. |
| 264 ## - PRODUCTION, PUBLICATION, DISTRIBUTION, MANUFACTURE, AND COPYRIGHT NOTICE |
| Place of production, publication, distribution, manufacture |
New York, |
| Date of production, publication, distribution, manufacture, or copyright notice |
1957. |
| 300 ## - PHYSICAL DESCRIPTION |
| Extent |
288 p. : |
| Other physical details |
ill.; |
| Dimensions |
25 cm. |
| 653 ## - INDEX TERM--UNCONTROLLED |
| keyword |
თორმეტი კეისარი |
| 653 ## - INDEX TERM--UNCONTROLLED |
| keyword |
ისტორია |
| 942 ## - ADDED ENTRY ELEMENTS (KOHA) |
| Source of classification or shelving scheme |
|
| Koha item type |
წიგნი |